| 000 | 00576cam a22002171 4500 | ||
|---|---|---|---|
| 001 | ne 64002622 | ||
| 003 | DLC | ||
| 005 | 20260227111805.0 | ||
| 008 | 950531s1963 xx 000 0 arao | ||
| 010 | _ane 64002622 | ||
| 035 | _a(OCoLC)32577307 | ||
| 040 |
_aDLC _cCU _dCU _dDLC |
||
| 042 | _apremarc | ||
| 050 | 0 | 0 |
_aPJ6064.I16 _bA7 |
| 100 | 1 | _aAfghānī, Saʻīd. | |
| 245 | 1 | 0 | _aNaẓarāt fī al-lughah ʻinda Ibn Ḥazm. |
| 260 | _c1963. | ||
| 300 |
_a38 p. _c24 cm. |
||
| 600 | 2 | 0 |
_aIbn Ḥazm, ʻAlī ibn Aḥmad, _d994-1064. |
| 650 | 0 |
_aArabic language _xGrammar. |
|
| 999 |
_c47491 _d47491 |
||